00446nam a2200169Ia 450000100060000000800410000602000180004704000130006508200160007810000180009424500660011226000410017830000110021954600070023065000200023770000190025755895140506s9999 xx 000 0 und d a9780500291115 cPK-LaUMT a 712bJON-M aJones, Louisa aMediterranean landscape designcJones, Louisa<>Nichols, Clive aLondon,UK:bThames and Hudson,c2013 a224 p. aEN aLanscape design aNichols, Clive